| 000 | 004260000a22001690004500 | ||
|---|---|---|---|
| 003 | MACL | ||
| 005 | 20160105121046.0 | ||
| 008 | 160105b xxu||||| |||| 00| 0 eng d | ||
| 040 |
_aMACL _cMACL |
||
| 041 | _aEnglish | ||
| 082 | _a823/AIN | ||
| 100 |
_aAinsworth, W Harrison _927801 |
||
| 245 | _aA Tale of The Plague & The Fire | ||
| 260 |
_bJ M Dent & Sons LTD _aLondon |
||
| 650 |
_aNovel _9153 |
||
| 942 |
_cBK _k823/AIN _2ddc |
||
| 999 |
_c36851 _d36851 |
||